Sports Quiz

Random Sports or Soccer Quiz

England World Cup 1966 Quiz Stats

 Plays Quiz Updated Sep 27, 2019

Score 0/11 Timer 04:00
7 Plays Today
Number Player % Correct
9Sir Bobby Charlton
95.2%
5Jack Charlton
93.5%
6Bobby Moore
89%
1Gordon Banks
87.7%
10Sir Geoff Hurst
87.3%
7Alan Ball
67.8%
4Nobby Stiles
67.5%
16Martin Peters
64.1%
2George Cohen
57.3%
21Roger Hunt
46.4%
3Ray Wilson
37.4%

You're not logged in!

Compare scores with friends on all Sporcle quizzes.
OR
Log In

Sporcle TV

Today on Sporcle TV


Watch our educational content, quiz creation guides, and fun videos on Sporcle TV.

Show Comments

Extras

Top Quizzes Today


Score Distribution

Your Account Isn't Verified!

In order to create a playlist on Sporcle, you need to verify the email address you used during registration. Go to your Sporcle Settings to finish the process.

Report this User

Report this user for behavior that violates our Community Guidelines.

Details: